00726nam a2200217Ia 4500008004100000020001500041050001800056082002300074100002800097245011500125250001700240260003300257300001800290336001000308337001400318338001400332440004200346500005600388650003700444700002700481120905s1975 mx ||||fr|||||||1|||spa d a968240107004aH29bY68 1975 a519.517 Y392i 20041 aYoung, Robert K.eautor aIntroducción a la estadística aplicada a las ciencias de la conductac/ Robert K. Young, Donald J. Veldman a2a edición3 aMéxicob : Trillasc, 1975 a584 páginas atexto asin medio avolúmen aBiblioteca técnica de psicología) aIntroductory statistics for the behavioral sciences 0aCONDUCTA HUMANAxINVESTIGACIÓN aI. Veldman, Donald J.